000 00951nam a2200253 a 4500
001 000021306
005 20250520113530.0
008 100904s1975 mx a r 001 0 spa d
040 _aDO-SdBNP
_bspa
_cBNPHU
041 1 7 _aspa
_heng
_2Código de idioma MARC
082 _a153.15
_bG135p
100 1 _aGagné, Robert Mills.,
_d1916-2002
_944522
240 1 0 _aEssentials of learning for instruction.
_lEspañol
245 1 0 _aPrincipios básicos del aprendizaje para la instrucción / :
_bRobert M. Gagné ; traducción de Paulina Díaz Cortés Ferrando.
260 _aMéxico :
_bDiana,
_c1975.
300 _a199 p. :
_bil. ;
_c22 cm.
534 _pTítulo original en inglés:
_tEssentials of learning for instruction.
_cThe Dryden, 1974
500 _aIncluye índice
504 _aBibliografía: p. (187-191)
650 4 _aAprendizaje
_9812
650 0 _aPsicología
_9152
700 1 _aDíaz Cortés Ferrando, Paulina,
_etr.
_944523
049 _aBNGR
999 _c20806
_d20806